Návrh adaptívneho polohového servosystému
Gespeichert in:
| 1. Verfasser: | |
|---|---|
| Weitere Verfasser: | |
| Format: | Manuskript Buch |
| Sprache: | Slowakisch |
| Veröffentlicht: |
2015
|
| Schlagworte: | |
| Online-Zugang: | http://is.stuba.sk/zp/portal_zp.pl?podrobnosti=111713 |
| Tags: |
Keine Tags, Fügen Sie das erste Tag hinzu!
|
MARC
| LEADER | 00000ntm a22000003a 4500 | ||
|---|---|---|---|
| 001 | stuzp52559 | ||
| 003 | SK-STU | ||
| 005 | 20160719154218.2 | ||
| 007 | ta | ||
| 008 | 150427s2015----xo-----f-mn---000-0-slo-d | ||
| 040 | |a STU |b slo | ||
| 041 | 0 | |a slo | |
| 100 | 1 | |a Blažeňák, Lukáš |u 031000 |4 aut |U FEI Fakulta elektrotechniky a informatiky |T FEI Ústav robotiky a kybernetiky |X 56021 |U E011 |Y 356 |7 A000056021 | |
| 242 | 0 | 1 | |a Design of adaptive servo system with position control |y eng |
| 245 | 1 | 0 | |a Návrh adaptívneho polohového servosystému |
| 260 | |c 2015 | ||
| 300 | |a 74 s., príl. | ||
| 650 | 4 | |a PID regulátor |2 slo | |
| 650 | 4 | |a MRAC štruktúra |2 slo | |
| 650 | 4 | |a adaptívne riadenie |2 slo | |
| 650 | 4 | |a PID controller |2 eng | |
| 650 | 4 | |a MRAC structure |2 eng | |
| 650 | 4 | |a adaptive controller |2 eng | |
| 700 | 1 | |a Žalman, Milan |4 ths |X 4928 |7 A000004928 | |
| 856 | 4 | |u http://is.stuba.sk/zp/portal_zp.pl?podrobnosti=111713 | |
| 996 | |b 284EP11085 |c E*DIPL- 11085 |l EE31 |s P |a 0 |w stuzp52559_0001 | ||
| SQL | |a stuzp52559 |b DDP |c SLO |d Návrh adaptívneho polohového servosystému |e 56021 |f Blažeňák, Lukáš |g 031000 |h 4928 |i Žalman, Milan |j 20150616 |k 84 |l 03 |m http://is.stuba.sk/zp/portal_zp.pl?podrobnosti=111713 |n I-ROB |o 5.2.14. automatizácia | ||